000 00380nam a2200157 4500
001 5322
005 20181127175308.0
090 0 0 _a300.8 D534c 2014
100 0 0 _aDHI.
245 0 0 _aCorporate profile /
_b
_cDHI.
_h
250 0 0 _aRevised version.
260 0 0 _aThimphu :
_bDHI,
_c2014.
300 0 0 _av p. ; 30 cm.
650 0 0 _aBusiness --Bhutan.
_x
999 _c4465
_d4465